Countries Most Similar To Honduras - Statistics

General Stats
  • This quiz has been taken 56 times
  • The average score is 17 of 20
Answer Stats
Rank Country Score % Correct
2 El Salvador 85.4
98%
18 Chile 65.1
93%
7 Colombia 78
93%
3 Guatemala 84.8
93%
10 Mexico 75
93%
6 Panama 78.3
93%
4 Costa Rica 80.4
90%
16 Brazil 68.5
88%
1 Nicaragua 86.1
88%
19 Argentina 64.1
86%
8 Ecuador 77.9
86%
11 Peru 73.8
86%
9 Venezuela 75.1
86%
13 Bolivia 70.4
81%
5 Dominican Republic 78.8
81%
17 Cuba 67.3
79%
14 Paraguay 70.3
79%
12 Belize 71.3
74%
15 Haiti 68.8
69%
20 Jamaica 63.7
62%
No matching quizzes found
Score Distribution
Percent of People with Each Score
Percentile by Number Answered
Your Score History
You have not taken this quiz